00609 2200253 4500001002100000005001700021008004100038035002400079082001000103090001700113100001300130245003900143250001100182260002300193300002900216500001100245650002200256850001500278980001100293985000600304999001500310999001500325999001500340YOGYA-0209000001384420090227022348.0 ind  0010-020900000013844 a330.1 a330.1bMub S aMUBYARTO aSistem dan Moral ekonomi indonesia aCet. 3 aJakartabLP3c1994 axi, 263 hlmbilusc22 cm aIndeks aEkonomi Pancasila aYOPDYOG(B) a090705 a3 a97P0099521 a97P0099522 a97P0099523